Statistics for Southampton scorers in Premier League 2016-2017

Click here to take the quiz!

General Stats

  • This quiz has been taken 49 times
  • The average score is 9 of 13

Answer Stats

PlayerGoals% Correct
James Ward-Prowse4
84%
Shane Long3
84%
Dusan Tadic3
78%
Nathan Redmond7
76%
Charlie Austin6
73%
Ryan Bertrand2
73%
Virgil van Dijk1
73%
Manolo Gabbiadini4
68%
Maya Yoshida1
68%
Oriol Romeu1
68%
Sofiane Boufal1
65%
Jay Rodriguez5
59%
Jordy Clasie1
41%

Score Distribution

Percentile by Number Answered

Percent of People with Each Score

Your Score History

You have not taken this quiz